书目信息 |
| 题名: |
传统:无处不在
|
|
| 作者: | 刘海兰 编著 | |
| 分册: | ||
| 出版信息: | 北京 中国水利水电出版社 2008 |
|
| 页数: | 142页 | |
| 开本: | 27cm | |
| 丛书名: | 设计文化生活书系 | |
| 单 册: | ||
| 中图分类: | J504 | |
| 科图分类: | ||
| 主题词: | 访问记--中国--现代--选集 , 访问记 , 工艺美术--艺术理论 | |
| 电子资源: | ||
| ISBN: | 978-7-5084-4754-4 | |
| 000 | 00971nam0 2200277 450 | |
| 001 | 3459 | |
| 005 | 20161102111711.34 | |
| 010 | @a978-7-5084-4754-4@b平装@dCNY55.00 | |
| 100 | @a20090619d2008 em y0chiy0110 ea | |
| 101 | 0 | @achi |
| 102 | @aCN@b110000 | |
| 105 | @aa z 000yy | |
| 200 | 1 | @a传统:无处不在@9chuan tong wu chu bu zai@e设计师访谈@f刘海兰编著 |
| 210 | @a北京@c中国水利水电出版社@d2008 | |
| 215 | @a142页@c彩图@d27cm | |
| 225 | 2 | @a设计文化生活书系 @9she ji wen hua sheng huo shu xi |
| 330 | @a本书作者通过对不同设计领域、不同文化背景的知名设计师的访谈,让读者感知深邃的设计理念,体味传统与设计的相融共生,解读设计的真谛。 | |
| 461 | 0 | @12001 @a设计文化生活书系 |
| 517 | 1 | @a设计师访谈@9she ji shi fang tan |
| 606 | 0 | @a访问记@y中国@z现代@j选集 |
| 606 | 0 | @a访问记 |
| 606 | 0 | @a工艺美术@x艺术理论 |
| 690 | @aJ504@v4 | |
| 701 | 0 | @a刘海兰@9liu hai lan@c(传媒)@4编著 |
| 801 | 0 | @aCN@b唐山师范学院图书馆@c20151001 |
| 905 | @aZUCC@dJ504@e399 | |
| 传统:无处不在:设计师访谈/刘海兰编著.-北京:中国水利水电出版社,2008 |
| 142页:彩图;27cm.-(设计文化生活书系 ) |
| ISBN 978-7-5084-4754-4(平装):CNY55.00 |
| 本书作者通过对不同设计领域、不同文化背景的知名设计师的访谈,让读者感知深邃的设计理念,体味传统与设计的相融共生,解读设计的真谛。 |
| ● |
| 相关链接 |
|
|
|
|
正题名:传统:无处不在
索取号:J504/399
 
预约/预借
| 序号 | 登录号 | 条形码 | 馆藏地/架位号 | 状态 | 备注 |
| 1 | 905021 | 209050211 | 第一样本阅览室/ [索取号:J504/399] | 在馆 | |
| 2 | 905022 | 209050220 | 第一借阅区/ [索取号:J504/399] | 在馆 | |
| 3 | 905023 | 209050239 | 第一借阅区/ [索取号:J504/399] | 在馆 |